000 01407cam a22003737a 4500
003 CHAP
005 20230911124125.0
008 040618d2003 mx a r 00110 spa d
010 _a88537
011 _a89509
035 _a100060
040 _cCHAP
090 _aTesis
100 0 0 _aMartínez Mondragón, Nallely Madeleine.
_972294
245 1 0 _aObtención de sustancias pécticas a partir de los tallos y frutas de pitahaya (Hylocereus undatus Haw) y nopal (Opuntia ficus-Indica L.) cultivados in vitro
_c/por Nallely Madeleine Martínez Mondragón
260 _aChapingo, Méx. :
_bEl autor,
_c2003.
300 _a69 h. ;
_bilus. ; gráfs.
502 _aTesis (M.C. en Fisiología Vegetal) -- C.P. Programa en Fisiología Vegetal
590 _aALEPH
_b10
_c20130110
_lUCH01
_h1459
590 _aBATCH-UPD
_b10
_c20130110
_lUCH01
_h0411
590 _aBATCH-UPD
_b10
_c20130110
_lUCH01
_h2303
590 _aBATCH-UPD
_b10
_c20130410
_lUCH01
_h0046
590 _aBATCH-UPD
_b10
_c20130410
_lUCH01
_h1555
590 _aBATCH-UPD
_b10
_c20130914
_lUCH01
_h1627
590 _aCONVERSION
_b10
_c20130109
_lUCH01
_h1349
650 1 4 _aHylocereus undatus.
_957088
650 1 7 _aOpuntia ficus-indica
_2
_983389
650 1 4 _aPectina.
_986507
650 1 4 _aPolisacáridos.
_990243
901 _aBK
905 _aMayto Villalobos S.
942 _cTESIS
949 _aTesis
_bBC
_cTES
_d33724000926598
_eTS1
_h42179
_i100060
_sb
999 _c88537
_d88537